000 00248nam a22001217a 4500
999 _c155361
_d155361
082 _a
_b
100 _aRameshan Nair S
245 _aGurupaurnami/
_cby Rameshan Nair S.
260 _a
_b
_c2012.
300 _a243p.
650 _a
942 _cBK